| 000 | 00395nam a22001457a 4500 | ||
|---|---|---|---|
| 020 | _qPB. | ||
| 040 | _cFizza Ishaq | ||
| 082 |
_a658.3124 _bJAM |
||
| 100 |
_aJames, Flaherty. _9134074 |
||
| 245 |
_aCoaching: Evoking Excellence in Others / _cFlaherty James. |
||
| 250 | _a1st Ed. | ||
| 260 |
_bButterworth-Heinemann, _c1999. |
||
| 300 |
_a200 p, ; _c0.5 x 6.25 x 9.25 inches |
||
| 942 |
_2ddc _cBK |
||
| 999 |
_c617004 _d617004 |
||